ბათუმის შოთა რუსთაველის სახელმწიფო უნივერსიტეტის ბიბლიოთეკა

მხაზველობითი გეომეტრიის კურსი / (ბიბ.ჩანაწერი № 37699)

000 -ლიდერი
ფიქსირებული სიგრძის საკონტროლო ველი 00916nam a2200229Ia 4500
001 - საკონტროლო ნომერი
საკონტროლო ველი 3672
003 - საკონტროლო ნომრის იდენტიფიკატორი
საკონტროლო ველი GE_BSU
005 - ბოლო ოპერაციის თარიღი და დრო
საკონტროლო ველი 20190527141948.0
008 - ფიქსირებული სიგრძის მონაცემთა ელემენტები - ზოგადი ინფორმაცია
ფიქსირებული სიგრძის საკონტროლო ველი 181216s1962||||ge |||||||||||||| ||geo||
040 ## - კატალოგიზაციის წყარო
Transcribing agency GE_BSU
041 ## - ენის კოდი
Language code of text/sound track or separate title geo
080 ## - უნივერსალური ათობითი კლასიფიკაციის ინდექსი
Universal Decimal Classification number 514.18 გ–94
100 ## - მთავარი ჩანაწერი - პიროვნების სახელი
Personal name გულისაშვილი, ა
9 (RLIN) 1618
245 ## - ცნობა სათაურის შესახებ
Title მხაზველობითი გეომეტრიის კურსი /
Statement of responsibility, etc ა. გულისაშვილი ; რედ : ლ.კოჩინაშვილი.
250 ## - გამოცემის ცნობა
Edition statement მე–4 გამოცემა
264 ## - წარმოების, გამოცემის, დისტრიბუციის და სხვა ცნობები
გამოცემის, წარმოების, დისტრიბუციის... ადგილი თბილისი :
გამოცემის, წარმოების, დისტრიბუციის... სახელწოდება სპი,
გამოცემის, წარმოების, დისტრიბუციის... თარიღი 1962.
300 ## - ფიზიკური აღწერა
Extent 392 გვ .:
Dimensions 26 სმ.
653 ## - INDEX TERM--UNCONTROLLED
Uncontrolled term მხაზველობითი გეომეტრიის კურსი
653 ## - INDEX TERM--UNCONTROLLED
Uncontrolled term გეომეტრია
700 ## - ADDED ENTRY--PERSONAL NAME
Personal name კოჩინაშვილი, ლ
Relator term რედაქტორი
9 (RLIN) 1632
942 ## - ADDED ENTRY ELEMENTS (KOHA)
Koha item type წიგნი
Source of classification or shelving scheme
ეგზემპლარები
ჩამოწერის სტატუსი დაკარგული ეგზემპლარის სტატუსი კლასიფიკაციის წყარო ან თაროზე გაწყობის სქემა დაზიანების სტატუსი არ გაიცემა მუდმივი მდებარეობა (დაცვის ადგილი) ამჟამინდელი ადგილსამყოფელი თაროზე განთავსების ადგილი შეძენის თარიღი ღირებულება, შესყიდვის ნორმალური ფასი სრული შენახვის შიფრი შტრიხკოდი ბოლო ოპერაციის თარიღი ეგზემპლარის მიმდევრობითი ნომერი (კეტერი?) ფასის ძალაში შესვლის თარიღი ეგზემპლარის სახეობა საჯარო შენიშვნა
          ტექნოლოგიური ფაკულტეტის ბიბლიოთეკა ტექნოლოგიური ფაკულტეტის ბიბლიოთეკა წიგნსაცავი 2018-12-17 2.00 514.18 გ–94 9069 2018-12-17 9069 2018-12-17 წიგნი 2 ლ. 16თ.
          ტექნოლოგიური ფაკულტეტის ბიბლიოთეკა ტექნოლოგიური ფაკულტეტის ბიბლიოთეკა წიგნსაცავი 2018-12-17 2.00 514.18 გ–94 9070 2018-12-17 9070 2018-12-17 წიგნი 2 ლ. 16 თ.
          ტექნოლოგიური ფაკულტეტის ბიბლიოთეკა ტექნოლოგიური ფაკულტეტის ბიბლიოთეკა წიგნსაცავი 2018-12-17 2.00 514.18 გ–94 9071 2018-12-17 9071 2018-12-17 წიგნი 2 ლ. 16 თ.